Statystyki dla Ostatni strzelec w drużyn PL (15.03.24)

Kliknij tutaj aby rozwiązać quiz!

Ogólne statystyki

  • Ten quiz został rozwiązany 9 razy
  • Średni wynik to 8 z 20

Statystyki odpowiedzi

PrzeciwkoDrużyna strzelcaZawodnik% Poprawnych
LiverpoolManchester CityJohn Stones
78%
BrentfordArsenalKai Havertz
78%
Manchester CityLiverpoolAlexis Mac Allister
67%
EvertonManchester Utd.Marcus Rashford
67%
ChelseaNewcastle Utd.Jacob Murphy
56%
Newcastle Utd.ChelseaMykhaylo Mudryk
56%
FulhamAston VillaOllie Watkins
56%
Aston VillaTottenham HotspurTimo Werner
56%
Luton TownCrystal PalaceJean-Philippe Mateta
44%
BournemouthLuton TownRoss Barkley
44%
ArsenalBrentfordYoane Wissa
44%
Luton TownBournemouthAntoine Semenyo
33%
BurnleyWestham Utd.Danny Ings
33%
Aston VillaNottingham ForestMorgan Gibbs-White
33%
Westham Utd.EvertonBeto
22%
Westham Utd.BurnleyDavid Fofana
22%
EvertonBrightonLewis Dunk
22%
WolverhamptonFulhamAlex Iwobi
11%
FulhamWolverhamptonRayan Nouri
11%
BournemouthSheffield Utd.Jack Robinson
0%

Rozkład punktacji

Percentyl według liczby udzielonych odpowiedzi

Procent ludzi z każdym wynikiem

Twoja historia wyników

Nie rozwiązałeś tego quizu